Caste and class as variables affecting spoken language in primary class children (Record no. 11313)
[ view plain ]
| 000 -LEADER | |
|---|---|
| fixed length control field | 00726nam a2200193Ia 4500 |
| 082 ## - DEWEY DECIMAL CLASSIFICATION NUMBER | |
| Classification number | TD.0161 |
| 100 ## - MAIN ENTRY--AUTHOR NAME | |
| Personal name | Dileep Kumar |
| 245 #0 - TITLE STATEMENT | |
| Title | Caste and class as variables affecting spoken language in primary class children |
| 260 ## - PUBLICATION, DISTRIBUTION, ETC. (IMPRINT) | |
| Year of publication | 1983 |
| Name of publisher | Banaras Hindu University |
| 300 ## - PHYSICAL DESCRIPTION | |
| Number of Pages | 187p. + C D -21 |
| 650 ## - SUBJECT ADDED ENTRY--TOPICAL TERM | |
| Topical Term | SOCIAL STATUS AND LANGUAGE//SPEECH AND SOCIAL STATUS |
| 650 ## - SUBJECT ADDED ENTRY--TOPICAL TERM | |
| Topical Term | SOCIAL CLASSES AND SPEECH//SPEECH AND SOCIAL STATUS |
| 650 ## - SUBJECT ADDED ENTRY--TOPICAL TERM | |
| Topical Term | SPEECH AND SOCIAL STATUS - UTTAR PRADESH |
| 650 ## - SUBJECT ADDED ENTRY--TOPICAL TERM | |
| Topical Term | NATIVE LANGUAGE AND EDUCATION - UTTAR PRADESH |
| 650 ## - SUBJECT ADDED ENTRY--TOPICAL TERM | |
| Topical Term | SOCIAL CLASSES AND LANGUAGE//SPEECH AND SOCIAL STATUS |
| 650 ## - SUBJECT ADDED ENTRY--TOPICAL TERM | |
| Topical Term | SOCIAL STATUS AND SPEECH//SPEECH AND SOCIAL STATU |
| 710 ## - ADDED ENTRY--CORPORATE NAME | |
| Corporate name or jurisdiction name as entry element | Rao, T.S. |
| 942 ## - ADDED ENTRY ELEMENTS (KOHA) | |
| Koha item type | Thesis |
| Source of classification or shelving scheme | Dewey Decimal Classification |
| Withdrawn status | Lost status | Damaged status | Not for loan | Home library | Current library | Date acquired | Bill Date | Full call number | Accession Number | Price effective from | Koha item type |
|---|---|---|---|---|---|---|---|---|---|---|---|
| NASSDOC Library | NASSDOC Library | 08/10/2004 | 2004-10-22 | TD.0161 | 22746 | 18/04/2019 | Thesis |
